000 00430nam a22001817a 4500
003 MPLRDC
005 20220104114720.0
008 210129b ||||| |||| 00| 0 eng d
082 _a180 TXQ
100 _a童学潜改写
245 _a文艺心理学
_c
250 _a初版
260 _a
_b香港万源图书公司
_c1978
300 _b
490 _a自学知识文库
650 _a美学总论
942 _cBK
_o180 TXQ
999 _c9657
_d9647